03363nam a2200409 i 450000100090000000300090000900500170001800800410003502000180007604000380009404300120013208200210014424500770016524600280024225000190027026400580028930000540034733600260040133700280042733800270045550001030048250003390058550400510092450502250097552012250120065100570242565300220248265500170250470000330252170000290255470000320258377601110261590600450272694200120277199900170278395201530280021889619EG-ScBUE20230312123331.0210202s2022 nyu f b 001 0 eng d a9780367464028 aDLCbengerdacDLCdDLCdEG-ScBUE ae-uk---04a320.941222bPOL00aPolitics UK /cedited by Bill Jones, Philip Norton and Isabelle Hertner.3 aPolitics United Kingdom aTenth Edition. 1aNew York :bRoutledge, Taylor & Francis Group,c2022. axliv, 780 pages :billustrations (color) ;c27 cm atextbtxt2rdacontent aunmediatedbn2rdamedia avolumebnc2rdacarrier a"First edition published by Philip Alan Ltd. 1991. Ninth published by Routledge 2018"--T.p. verso. a"With contributed material by Michael Clarke, Oliver Daddow, Russel Deacon, David Denver, Anneliese Dodds, Russel Foster, Charlotte Galpin, Chris Game, Wyn Grant, Kevin Hickson, Hannah Jones, Danny Rye and Ben Williams...and concluding articles by Sir John Curtice, Philip Collins, Sir Simon Jenkins, Andrew Rawnsley and Julie Smith." aIncludes bibliographical references and index.2 aBrief Contents. PART 1. CONTEXT -- PART 2. DEFINING THE POLITICAL WORLD -- PART 3. THE REPRESENTATIVE PROCESS -- PART 4. THE LEGISLATIVE PROCESS -- PART 5. THE EXECUTIVE PROCESS -- PART 6. THE POLICY PROCESS -- Epilogue. a"This revised and updated 10th edition of the bestselling textbook Politics UK is an indispensable introduction to British politics. It provides a thorough and accessible overview of the institutions and processes of British government, an excellent grounding in British political history and an incisive introduction to the issues and challenges facing Britain today. This edition welcomes 4 brand new chapters - Gender and British Politics, Immigration Policy in Hostile Environment, Britain and the European Union, and British Foreign and Defence Policy - alongside rigorously updated revised chapters. It delivers excellent coverage of contemporary events, with significant new material covering: the Johnson premiership and the national challenge of COVID-19, the end of the May premiership and the implementation of Brexit, the Labour Party's transition from Corbyn to Starmer, infrastructure and innovation, 'fake' news, populism and nationalism, the UK's place in a post-Brexit world, climate change, social mobility and elite recruitment, devolution and regionalism, constitutional strain, the role of political advisers abuse and incivility in politics and much more. Other features of the new edition include: 7aGreat BritainxPolitics and governmenty1997-2BUEsh bBUSBOLcMarch2023 vReading book1 aJones, Bill,d1946-eeditor.1 aNorton, Philip,eeditor.1 aHertner, Isabelle,eeditor.08iOnline version:tPolitics UKbTenth Edition.dNew York : Routledge, 2021.z9781003028574w(DLC) 2021004416 a7bcbccorignewd1eecipf20gy-gencatlg 2ddccBB c30247d30218 00102ddc40708AlahramaMAINbMAINc1STd2023-03-12ePurchaseg729.00h190l0o320.941 POLp000044894r2025-07-15 00:00:00v911.25w2023-03-12yBB